000 00242nam a2200097Ia 4500
001 983275
005 20250826221003.0
008 250824s9999 xx 000 0 und d
245 0 _aMülteci Asansörü
_cErhan Şibik
260 _bKayalıpark Genç
999 _c983275
_d983275